[Event "XtraCon-Skakligaen"]
[Site "Denmark"]
[Date "2013.01.12"]
[Round "4.5"]
[White "Rewitz, Poul"]
[Black "Nielsen, Poul Erik"]
[Result "1/2-1/2"]
[WhiteElo "2252"]
[BlackElo "2215"]
[PlyCount "185"]
[EventDate "2012.10.27"]
[EventType "team-tourn"]
[EventRounds "9"]
[WhiteTeam "SK1968"]
[BlackTeam "Nordre"]
[WhiteTeamCountry "DEN"]
[BlackTeamCountry "DEN"]

1. d4 Nf6 2. Bg5 Ne4 3. Bf4 d5 4. Nd2 Nxd2 5. Qxd2 e6 6. e3 Bd6 7. Nf3 O-O 8.
Bd3 c5 9. c3 Nc6 10. dxc5 Bxc5 11. Qc2 h6 12. O-O Bd6 13. Bxd6 Qxd6 14. Rad1
Qc7 15. e4 dxe4 16. Bxe4 Bd7 17. Qd2 Rfd8 18. Bb1 Be8 19. Qc2 g6 20. Rfe1 Rxd1
21. Qxd1 Rd8 22. Qc1 Kg7 23. a3 Qe7 24. h3 Qf6 25. Qe3 b6 26. h4 h5 27. Ng5 Ne7
28. Nf3 Nd5 29. Qe5 Qxe5 30. Nxe5 Kf6 31. g3 Ne7 32. f4 Bb5 33. Nf3 Nc6 34. Be4
Na5 35. Nd4 Bc4 36. Kf2 Nb3 37. Nxb3 Bxb3 38. Ke3 e5 39. Rf1 Rd1 40. Rxd1 Bxd1
41. Bd5 exf4+ 42. Kxf4 Bc2 43. b4 Ke7 44. Ke5 f6+ 45. Kd4 Kd6 46. c4 Bd1 47.
Be4 g5 48. Bd5 Bg4 49. Bb7 Kc7 50. Be4 Kd6 51. Bg6 Bd1 52. Bf5 Be2 53. c5+
bxc5+ 54. bxc5+ Kc6 55. Be4+ Kc7 56. Kd5 Bg4 57. Kd4 Kd7 58. Bg2 Bd1 59. Bh1
Kc7 60. Ke4 Bc2+ 61. Kd5 Bb3+ 62. Kd4 Bd1 63. Be4 Kd7 64. Bg6 Kc7 65. Be8 Kd8
66. Bb5 Bf3 67. Kc3 Kc7 68. Kb4 Bd1 69. Bd3 Bf3 70. Ka5 Bg4 71. Kb5 gxh4 72.
gxh4 f5 73. Kc4 f4 74. Kd4 f3 75. Ke3 Kc6 76. Be4+ Kxc5 77. Bxf3 Bxf3 78. Kxf3
a5 79. Kf4 Kd5 80. Kg5 Ke5 81. a4 Ke6 82. Kxh5 Kf5 83. Kh6 Kf6 84. h5 Kf7 85.
Kg5 Kg7 86. Kf5 Kh6 87. Ke5 Kxh5 88. Kd5 Kg6 89. Kc5 Kf6 90. Kb5 Ke6 91. Kxa5
Kd7 92. Kb6 Kc8 93. a5 1/2-1/2

[Event "XtraCon-Skakligaen"]
[Site "Denmark"]
[Date "2013.01.12"]
[Round "4.6"]
[White "Klitgaard, Thomas"]
[Black "Hansen, Bjarne"]
[Result "0-1"]
[WhiteElo "2186"]
[BlackElo "2260"]
[PlyCount "66"]
[EventDate "2012.10.27"]
[EventType "team-tourn"]
[EventRounds "9"]
[WhiteTeam "Nordre"]
[BlackTeam "SK1968"]
[WhiteTeamCountry "DEN"]
[BlackTeamCountry "DEN"]

1. d4 c5 2. d5 e5 3. e4 d6 4. Nc3 a6 5. f4 exf4 6. Bxf4 Ne7 7. Nf3 Ng6 8. Bg3
Bg4 9. Qd2 Be7 10. Nd1 O-O 11. Nf2 Bxf3 12. gxf3 f5 13. exf5 Rxf5 14. f4 Nh4
15. O-O-O Rf8 16. Bh3 Nf5 17. Qd3 g6 18. Bxf5 Rxf5 19. Ng4 Bf8 20. Ne3 Rf7 21.
h4 Qf6 22. h5 Bg7 23. c3 Nd7 24. Bh4 Qxf4 25. hxg6 hxg6 26. Rdf1 Ne5 27. Qe2
Qe4 28. Bg5 Nf3 29. Qg2 Raf8 30. Rh3 Nxg5 31. Rxf7 Qxg2 32. Rxf8+ Bxf8 33. Nxg2
Nxh3 0-1

[Event "XtraCon-Skakligaen"]
[Site "Denmark"]
[Date "2013.01.12"]
[Round "4.7"]
[White "Bank, Pelle Rodkjaer"]
[Black "Hoiberg, Nina"]
[Result "1-0"]
[WhiteElo "2220"]
[BlackElo "2196"]
[PlyCount "95"]
[EventDate "2012.10.27"]
[EventType "team-tourn"]
[EventRounds "9"]
[WhiteTeam "SK1968"]
[BlackTeam "Nordre"]
[WhiteTeamCountry "DEN"]
[BlackTeamCountry "DEN"]

1. d4 d6 2. e4 Nd7 3. Bc4 Ngf6 4. Nc3 e5 5. f4 c6 6. Nf3 Qa5 7. O-O Be7 8. Kh1
O-O 9. Bb3 exd4 10. Nxd4 Nc5 11. Bd2 Nxb3 12. axb3 Qb6 13. Be3 c5 14. Nf3 Qc6
15. Qd3 b6 16. Bf2 Bb7 17. Bh4 Rfe8 18. Rae1 a5 19. Bxf6 Bxf6 20. Nd5 Bxb2 21.
Nd2 f5 22. c4 a4 23. bxa4 Rxa4 24. exf5 Ra3 25. Qc2 Bf6 26. Ne4 Rxe4 27. Rxe4
Qa4 28. Qxa4 Rxa4 29. Nxf6+ gxf6 30. Re7 Ba6 31. Rfe1 Bxc4 32. Rd7 Bf7 33. g3
c4 34. Ree7 Bd5+ 35. Kg1 Ra1+ 36. Kf2 Ra2+ 37. Ke3 Ra3+ 38. Ke2 Ra2+ 39. Ke1
Ra1+ 40. Kd2 Ra2+ 41. Kc3 Ra3+ 42. Kc2 Ra2+ 43. Kb1 Ra8 44. Rxd6 Kf8 45. Rxh7
Be4+ 46. Kb2 Bxf5 47. Rxf6+ Kg8 48. Rb7 1-0

[Event "XtraCon-Skakligaen"]
[Site "Denmark"]
[Date "2013.01.12"]
[Round "4.8"]
[White "Holst, Per"]
[Black "Pedersen, Gunnar"]
[Result "1/2-1/2"]
[WhiteElo "2108"]
[BlackElo "2231"]
[PlyCount "89"]
[EventDate "2012.10.27"]
[EventType "team-tourn"]
[EventRounds "9"]
[WhiteTeam "Nordre"]
[BlackTeam "SK1968"]
[WhiteTeamCountry "DEN"]
[BlackTeamCountry "DEN"]

1. d4 d5 2. c4 e6 3. Nf3 Nf6 4. Nc3 Nbd7 5. cxd5 exd5 6. Bg5 c6 7. e3 Be7 8.
Bd3 O-O 9. Qc2 Re8 10. O-O Nf8 11. Rab1 g6 12. b4 a6 13. a4 Ne6 14. Bh4 Ng7 15.
b5 axb5 16. axb5 Bf5 17. bxc6 bxc6 18. Ne5 Rc8 19. Bxf5 Nxf5 20. Bxf6 Bxf6 21.
Nd3 Nd6 22. Na4 Nc4 23. Qc3 Be7 24. Nac5 Rb8 25. Rb4 Bd6 26. Rfb1 Rxb4 27. Rxb4
Qh4 28. g3 Qg4 29. Qc2 h5 30. e4 h4 31. e5 Bxc5 32. Nxc5 Qxd4 33. Nd7 Ra8 34.
e6 Ra1+ 35. Rb1 Na3 36. e7 Rxb1+ 37. Qxb1 Nxb1 38. e8=Q+ Kg7 39. Qf8+ Kh7 40.
Qxf7+ Qg7 41. Nf6+ Kh6 42. Ng4+ Kh7 43. Nf6+ Kh6 44. Ng4+ Kh7 45. Nf6+ 1/2-1/2

[Event "XtraCon-Skakligaen"]
[Site "Denmark"]
[Date "2013.01.12"]
[Round "4.1"]
[White "Kristiansen, Jens"]
[Black "Andersen, Mads"]
[Result "0-1"]
[WhiteElo "2419"]
[BlackElo "2461"]
[PlyCount "106"]
[EventDate "2012.10.27"]
[EventType "team-tourn"]
[EventRounds "9"]
[WhiteTeam "BMSSkak"]
[BlackTeam "TeamNordeaSkb"]
[WhiteTeamCountry "DEN"]
[BlackTeamCountry "DEN"]

1. e4 c5 2. Nf3 e6 3. Nc3 Nc6 4. d4 cxd4 5. Nxd4 Qc7 6. Be2 a6 7. f4 b5 8. Nxc6
Qxc6 9. Bf3 Bb7 10. Be3 Rc8 11. e5 Qc7 12. O-O Ne7 13. Bxb7 Qxb7 14. Qd3 Nf5
15. Bf2 Bb4 16. Ne4 Rc4 17. a3 Rxe4 18. axb4 Rxf4 19. Bc5 Rxf1+ 20. Rxf1 h5 21.
Qf3 Qxf3 22. gxf3 d6 23. exd6 Kd7 24. Ra1 Ra8 25. b3 Kc6 26. c4 bxc4 27. bxc4
Nxd6 28. Bxd6 Kxd6 29. Ra5 g6 30. Kf2 Kc6 31. Ke3 Kb7 32. Kd4 Rd8+ 33. Ke5 Rd3
34. f4 Rd2 35. Kf6 Rxh2 36. Kxf7 Rf2 37. Kxg6 Rxf4 38. b5 axb5 39. cxb5 h4 40.
Ra6 Re4 41. Kf6 h3 42. Ra2 Kb6 43. Rb2 Re3 44. Kg5 Rg3+ 45. Kf6 Rg2 46. Rb4 h2
47. Rh4 Re2 48. Ke7 Kxb5 49. Kd6 e5 50. Kd5 e4 51. Rh3 Ka4 52. Kc4 Rc2+ 53. Kd4
e3 0-1

[Event "XtraCon-Skakligaen"]
[Site "Denmark"]
[Date "2013.01.12"]
[Round "4.2"]
[White "Palo, Davor"]
[Black "Rostgaard, Tobias Valentin"]
[Result "0-1"]
[WhiteElo "2551"]
[BlackElo "2229"]
[PlyCount "110"]
[EventDate "2012.10.27"]
[EventType "team-tourn"]
[EventRounds "9"]
[WhiteTeam "TeamNordeaSkb"]
[BlackTeam "BMSSkak"]
[WhiteTeamCountry "DEN"]
[BlackTeamCountry "DEN"]

1. d4 d5 2. c4 c6 3. Nf3 Nf6 4. Nc3 dxc4 5. a4 Bf5 6. e3 e6 7. Bxc4 Bb4 8. O-O
O-O 9. Qe2 Bg6 10. Ne5 Nbd7 11. Nxg6 hxg6 12. Na2 Be7 13. Rd1 Qc7 14. b4 a6 15.
Bb2 b5 16. Bb3 bxa4 17. Bxa4 Nb6 18. Bc2 Nbd5 19. e4 Nxb4 20. Nxb4 Bxb4 21.
Rxa6 Ng4 22. g3 Rxa6 23. Qxa6 c5 24. Qc4 Rc8 25. d5 Ne5 26. Qe2 c4 27. dxe6
fxe6 28. Bxe5 Qxe5 29. Kg2 g5 30. Rd7 Qb5 31. Rd1 Qe5 32. h4 gxh4 33. f4 Qc3
34. gxh4 Ra8 35. e5 Ra3 36. Kh1 Qh3+ 37. Qh2 Qxh2+ 38. Kxh2 Ra2 39. Rd8+ Kf7
40. Rd7+ Kf8 41. Kg3 Rxc2 42. Kg4 Be7 43. f5 Re2 44. fxe6 Rxe5 45. Rb7 Rxe6 46.
Rc7 Re4+ 47. Kf5 Rxh4 48. Ke6 Rh6+ 49. Kd5 Kf7 50. Kxc4 Rd6 51. Ra7 g5 52. Ra1
Kg6 53. Rg1 Bf6 54. Rg2 Be5 55. Re2 Kf5 0-1

[Event "XtraCon-Skakligaen"]
[Site "Denmark"]
[Date "2013.01.12"]
[Round "4.3"]
[White "Nielsen, Thomas Bach"]
[Black "Pedersen, Nicolai Vesterbaek"]
[Result "0-1"]
[WhiteElo "2188"]
[BlackElo "2443"]
[PlyCount "66"]
[EventDate "2012.10.27"]
[EventType "team-tourn"]
[EventRounds "9"]
[WhiteTeam "BMSSkak"]
[BlackTeam "TeamNordeaSkb"]
[WhiteTeamCountry "DEN"]
[BlackTeamCountry "DEN"]

1. d4 Nf6 2. c4 e6 3. Nc3 Bb4 4. e3 O-O 5. a3 Bxc3+ 6. bxc3 b6 7. Bd3 d5 8.
cxd5 exd5 9. Ne2 Ba6 10. Bxa6 Nxa6 11. O-O Re8 12. f3 c5 13. Ng3 Nc7 14. Ra2
Nb5 15. Raf2 Rc8 16. Qd3 Qd7 17. e4 cxd4 18. cxd4 Rc3 19. Qd2 dxe4 20. Nxe4
Rxe4 21. fxe4 Nxe4 22. Qe1 Nxf2 23. Rxf2 Rd3 24. Qe2 Rxd4 25. Rf1 h6 26. h3 Rd3
27. Bb2 Rd2 28. Qe5 f6 29. Rxf6 gxf6 30. Qxf6 Rd1+ 31. Kf2 Qd2+ 32. Kg3 Qd6+
33. Kh4 Qxf6+ 0-1

[Event "XtraCon-Skakligaen"]
[Site "Denmark"]
[Date "2013.01.12"]
[Round "4.4"]
[White "Pedersen, Steffen"]
[Black "Haubro, Martin"]
[Result "1-0"]
[WhiteElo "2419"]
[BlackElo "2151"]
[PlyCount "53"]
[EventDate "2012.10.27"]
[EventType "team-tourn"]
[EventRounds "9"]
[WhiteTeam "TeamNordeaSkb"]
[BlackTeam "BMSSkak"]
[WhiteTeamCountry "DEN"]
[BlackTeamCountry "DEN"]

1. d4 f5 2. Nc3 d5 3. Bg5 h6 4. Bf4 Nf6 5. f3 c5 6. e4 dxe4 7. d5 e5 8. Bxe5
Bd6 9. Bb5+ Kf7 10. Bxf6 Qxf6 11. fxe4 Qh4+ 12. g3 Bxg3+ 13. hxg3 Qxh1 14. Kd2
Qg2+ 15. Nge2 fxe4 16. Qf1+ Qxf1 17. Rxf1+ Ke7 18. Nxe4 a6 19. Bd3 Rf8 20. Nf4
Bf5 21. d6+ Ke8 22. Nd5 Ra7 23. Nxc5 Nd7 24. Nc7+ Kd8 25. N5e6+ Bxe6 26. Nxe6+
Ke8 27. Bg6+ 1-0

[Event "XtraCon-Skakligaen"]
[Site "Denmark"]
[Date "2013.01.12"]
[Round "4.5"]
[White "Pedersen, Sven"]
[Black "Berg, Klaus"]
[Result "0-1"]
[WhiteElo "2114"]
[BlackElo "2390"]
[PlyCount "50"]
[EventDate "2012.10.27"]
[EventType "team-tourn"]
[EventRounds "9"]
[WhiteTeam "BMSSkak"]
[BlackTeam "TeamNordeaSkb"]
[WhiteTeamCountry "DEN"]
[BlackTeamCountry "DEN"]

1. e4 c6 2. d4 d5 3. Nc3 dxe4 4. Nxe4 Bf5 5. Ng3 Bg6 6. Nf3 Nd7 7. Bd3 e6 8.
O-O Ngf6 9. Re1 Be7 10. Ne5 O-O 11. Nxg6 hxg6 12. h4 Qb6 13. h5 gxh5 14. Nxh5
g6 15. Nxf6+ Bxf6 16. c3 e5 17. Qg4 Rad8 18. b3 Kg7 19. Be3 exd4 20. cxd4 Qb4
21. Rec1 Ne5 22. Qe2 Nxd3 23. Rc4 Qd6 24. Qxd3 Rh8 25. g3 Qd5 0-1

[Event "XtraCon-Skakligaen"]
[Site "Denmark"]
[Date "2013.01.12"]
[Round "4.6"]
[White "Boe, Mads"]
[Black "Haubro, Sigfred"]
[Result "1/2-1/2"]
[WhiteElo "2362"]
[BlackElo "2130"]
[PlyCount "106"]
[EventDate "2012.10.27"]
[EventType "team-tourn"]
[EventRounds "9"]
[WhiteTeam "TeamNordeaSkb"]
[BlackTeam "BMSSkak"]
[WhiteTeamCountry "DEN"]
[BlackTeamCountry "DEN"]

1. e4 d5 2. exd5 Qxd5 3. Nc3 Qa5 4. Bc4 Nf6 5. Nge2 c6 6. O-O Bg4 7. d3 Bxe2 8.
Qxe2 e6 9. Bf4 Be7 10. Ne4 O-O 11. b4 Qd8 12. c3 Nbd7 13. a3 Nd5 14. Bd2 Ne5
15. Bb3 Ng6 16. g3 Qc7 17. f4 Rae8 18. c4 Nf6 19. Bc3 Nd7 20. Rae1 c5 21. b5 f5
22. Ng5 Bxg5 23. fxg5 e5 24. Qg2 Kh8 25. Bd1 Re6 26. Bf3 Ne7 27. g4 Rg6 28. h4
h6 29. Bd2 Qd6 30. h5 Re6 31. Bd5 Nxd5 32. cxd5 Ree8 33. gxf5 hxg5 34. Bxg5 Nf6
35. Bd2 Qxd5 36. Qxd5 Nxd5 37. Kg2 Kh7 38. Rf3 Rf6 39. a4 Rd6 40. Kf2 Nf6 41.
Rg3 Rd4 42. Reg1 Re7 43. h6 Nh5 44. Rh3 Nf4 45. Bxf4 Rxf4+ 46. Ke3 gxh6 47. Rg6
Rg7 48. Rgxh6+ Kg8 49. Rh8+ Kf7 50. Rb8 Kf6 51. Rf8+ Ke7 52. Rb8 Kf6 53. Rf8+
Ke7 1/2-1/2

[Event "XtraCon-Skakligaen"]
[Site "Denmark"]
[Date "2013.01.12"]
[Round "4.7"]
[White "Brorsen, Jacob Abildlund"]
[Black "Andersen, Jackie"]
[Result "0-1"]
[WhiteElo "2129"]
[BlackElo "2345"]
[PlyCount "51"]
[EventDate "2012.10.27"]
[EventType "team-tourn"]
[EventRounds "9"]
[WhiteTeam "BMSSkak"]
[BlackTeam "TeamNordeaSkb"]
[WhiteTeamCountry "DEN"]
[BlackTeamCountry "DEN"]

1. d4 g6 2. c4 Bg7 3. Nf3 d6 4. g3 Nd7 5. Bg2 e5 6. dxe5 dxe5 7. Nc3 Ngf6 8.
O-O O-O 9. Qc2 c6 10. Rd1 Qe7 11. a4 a5 12. b3 Nc5 13. Ng5 Na6 14. Nge4 Nb4 15.
Qd2 Bf5 16. Ba3 Rfd8 17. Qe3 Rd4 18. Nxf6+ Qxf6 19. Bxb4 axb4 20. Ne4 Qe7 21.
Rd3 Rad8 22. Rad1 c5 23. Qc1 b6 24. Qe3 h6 25. Qf3 Re8 26. Nd6 0-1

[Event "XtraCon-Skakligaen"]
[Site "Denmark"]
[Date "2013.01.12"]
[Round "4.8"]
[White "Pedersen, Jan Rode"]
[Black "Vesterli, Michael E"]
[Result "1-0"]
[WhiteElo "2215"]
[BlackElo "2038"]
[PlyCount "87"]
[EventDate "2012.10.27"]
[EventType "team-tourn"]
[EventRounds "9"]
[WhiteTeam "TeamNordeaSkb"]
[BlackTeam "BMSSkak"]
[WhiteTeamCountry "DEN"]
[BlackTeamCountry "DEN"]

1. e4 c5 2. Nf3 d6 3. d4 cxd4 4. Nxd4 Nf6 5. Nc3 Nc6 6. Be2 e6 7. O-O Be7 8.
Be3 O-O 9. Qd2 a6 10. f4 Qc7 11. Nb3 b5 12. a3 Bb7 13. Bf3 Nd7 14. Qf2 Rac8 15.
Rad1 Na5 16. Nxa5 Qxa5 17. Qg3 b4 18. axb4 Qxb4 19. Bd4 e5 20. fxe5 dxe5 21.
Be3 Nc5 22. Bg4 Rcd8 23. Qxe5 Nxe4 24. Nxe4 Qxe4 25. Qxe4 Bxe4 26. c3 Rb8 27.
Rd2 Bc6 28. Bd4 Bg5 29. Rdf2 Bb5 30. Be2 Rb7 31. c4 Bd7 32. Bf3 Rc7 33. Bd5 Ba4
34. Rf5 Bd2 35. Bb6 Rd7 36. Bc5 Rc8 37. Rxf7 Rxf7 38. Bxf7+ Kh8 39. Be6 Re8 40.
Bd5 Bb3 41. Bd4 a5 42. Rf7 Bh6 43. h4 Bc2 44. g4 1-0

[Event "XtraCon-Skakligaen"]
[Site "Denmark"]
[Date "2013.01.12"]
[Round "4.1"]
[White "Hansen, Mads Smith"]
[Black "Rasmussen, Allan Stig"]
[Result "0-1"]
[WhiteElo "2364"]
[BlackElo "2511"]
[PlyCount "96"]
[EventDate "2012.10.27"]
[EventType "team-tourn"]
[EventRounds "9"]
[WhiteTeam "Obro"]
[BlackTeam "Jetsmark"]
[WhiteTeamCountry "DEN"]
[BlackTeamCountry "DEN"]

1. c4 c6 2. d4 d5 3. Nc3 Nf6 4. Nf3 e6 5. e3 a6 6. Bd3 dxc4 7. Bxc4 c5 8. O-O
b5 9. Be2 Bb7 10. b3 Nc6 11. dxc5 Qc7 12. Bb2 Bxc5 13. Rc1 Qe7 14. Qc2 Nb4 15.
Qb1 O-O 16. a3 Nc6 17. Ng5 Ne5 18. Nxb5 Ng6 19. b4 Bb6 20. Nd4 Nd5 21. Ngf3
Rfe8 22. Rfd1 e5 23. Nc6 Qd6 24. b5 e4 25. Ng5 axb5 26. Nb4 Nh4 27. g3 Nf5 28.
Bxb5 Nfxe3 29. Bxe8 Rxe8 30. Nxd5 Nxd1 31. Rxd1 Bxd5 32. Bd4 Bd8 33. Be3 Qc6
34. Nh3 Be6 35. Nf4 Bg4 36. Rc1 Qa6 37. Qb4 g5 38. Ng2 h6 39. a4 Bd7 40. Ra1
Ba5 41. Qd4 Bh3 42. Rc1 Qe6 43. Qc5 Ra8 44. Bd4 Bd2 45. Rc2 Qb3 46. Bb2 Qf3 47.
Ne3 Bxe3 48. fxe3 Qf1# 0-1

[Event "XtraCon-Skakligaen"]
[Site "Denmark"]
[Date "2013.01.12"]
[Round "4.2"]
[White "Ochsner, Bjorn Moller"]
[Black "Hansen, Soren Bech"]
[Result "1-0"]
[WhiteElo "2322"]
[BlackElo "2329"]
[PlyCount "115"]
[EventDate "2012.10.27"]
[EventType "team-tourn"]
[EventRounds "9"]
[WhiteTeam "Jetsmark"]
[BlackTeam "Obro"]
[WhiteTeamCountry "DEN"]
[BlackTeamCountry "DEN"]

1. d4 f5 2. Bg5 h6 3. Bh4 g5 4. e4 Nf6 5. e5 e6 6. exf6 Qxf6 7. Bg3 f4 8. Bd3
fxg3 9. hxg3 Nc6 10. Qh5+ Kd8 11. Nf3 Bg7 12. c3 d6 13. Nbd2 Bd7 14. O-O-O a5
15. Rde1 Kc8 16. Ne4 Qf8 17. Re2 a4 18. a3 Ra5 19. Nfd2 Rf5 20. g4 Rf7 21. Bb5
Kb8 22. Re3 Be8 23. Qh2 Rf4 24. Bxa4 e5 25. d5 Ne7 26. Bxe8 Qxe8 27. g3 Rf7 28.
c4 Qd7 29. Qh5 Rhf8 30. Rd3 b6 31. f3 Qa4 32. Qh2 b5 33. Rb3 c6 34. Nxd6 Rf6
35. N6e4 cxd5 36. Rxb5+ Ka8 37. Nxf6 Rxf6 38. Qe2 Rc6 39. Rb4 Qa7 40. Kb1 Rc5
41. cxd5 Rxd5 42. Qe4 Qd7 43. Nc4 Ka7 44. Nb6 Rd1+ 45. Rxd1 Qxd1+ 46. Ka2 Qd8
47. Nc8+ Qxc8 48. Ra4+ Kb6 49. Qb4+ Kc6 50. Qxe7 Qg8+ 51. b3 Bf8 52. Ra6+ Kb5
53. Qb7+ Kc5 54. Qc6+ Kd4 55. Qe4+ Kc3 56. Rc6+ Kd2 57. Rc2+ Kd1 58. Qe2# 1-0

[Event "XtraCon-Skakligaen"]
[Site "Denmark"]
[Date "2013.01.12"]
[Round "4.3"]
[White "Skousen, Nikolai"]
[Black "Christensen, Stefan"]
[Result "1/2-1/2"]
[WhiteElo "2198"]
[BlackElo "2296"]
[PlyCount "44"]
[EventDate "2012.10.27"]
[EventType "team-tourn"]
[EventRounds "9"]
[WhiteTeam "Obro"]
[BlackTeam "Jetsmark"]
[WhiteTeamCountry "DEN"]
[BlackTeamCountry "DEN"]

1. Nf3 d5 2. d4 Nf6 3. e3 c6 4. Bd3 Bg4 5. Nbd2 Nbd7 6. h3 Bh5 7. c4 e6 8. O-O
Bd6 9. e4 dxe4 10. Nxe4 Nxe4 11. Bxe4 O-O 12. Re1 Bg6 13. Bxg6 hxg6 14. Bd2 c5
15. Bc3 Qc7 16. d5 exd5 17. Qxd5 Nf6 18. Qg5 Nh5 19. Qh4 Qd8 20. Qe4 Qc7 21.
Qh4 Qd8 22. Qe4 Qc7 1/2-1/2

[Event "XtraCon-Skakligaen"]
[Site "Denmark"]
[Date "2013.01.12"]
[Round "4.4"]
[White "Baekgaard, Martin"]
[Black "Kaaber Hansen, Jacob"]
[Result "0-1"]
[WhiteElo "2313"]
[BlackElo "2257"]
[PlyCount "44"]
[EventDate "2012.10.27"]
[EventType "team-tourn"]
[EventRounds "9"]
[WhiteTeam "Jetsmark"]
[BlackTeam "Obro"]
[WhiteTeamCountry "DEN"]
[BlackTeamCountry "DEN"]

1. d4 d5 2. c4 c6 3. Nf3 Nf6 4. Nc3 e6 5. Bg5 h6 6. Bxf6 Qxf6 7. e3 Nd7 8. Qc2
Bb4 9. Bd3 O-O 10. O-O dxc4 11. Bxc4 e5 12. Ne4 Qe7 13. Rad1 exd4 14. Rxd4 Nb6
15. a3 c5 16. Nf6+ Qxf6 17. Rf4 Qe7 18. axb4 cxb4 19. Ba2 Be6 20. Qe4 Qd7 21.
Rxf7 Bxf7 22. Ne5 Qe7 0-1

[Event "XtraCon-Skakligaen"]
[Site "Denmark"]
[Date "2013.01.12"]
[Round "4.6"]
[White "Jensen, Bjarke"]
[Black "Simonsen, Carsten"]
[Result "1-0"]
[WhiteElo "2288"]
[BlackElo "2187"]
[PlyCount "139"]
[EventDate "2012.10.27"]
[EventType "team-tourn"]
[EventRounds "9"]
[WhiteTeam "Jetsmark"]
[BlackTeam "Obro"]
[WhiteTeamCountry "DEN"]
[BlackTeamCountry "DEN"]

1. e4 e5 2. Nf3 Nc6 3. Bb5 Nf6 4. O-O Nxe4 5. d4 Nd6 6. Bxc6 dxc6 7. dxe5 Nf5
8. Qxd8+ Kxd8 9. Nc3 Ke8 10. h3 h5 11. b3 b6 12. Bb2 Bb7 13. Rfe1 Be7 14. Ne4
c5 15. Nfd2 Rd8 16. Re2 Rh6 17. Ng3 Nxg3 18. fxg3 Rg6 19. Kh2 Ba6 20. c4 Rd3
21. Nf1 Bb7 22. Rae1 Kd7 23. Re3 Rxe3 24. Nxe3 Ke6 25. Rd1 f6 26. Nd5 fxe5 27.
Nxc7+ Kf5 28. Rf1+ Ke4 29. Re1+ Kd3 30. Bxe5 Bf6 31. Nd5 Bxe5 32. Rxe5 Kd4 33.
Rxh5 b5 34. Nf4 Ra6 35. cxb5 Rxa2 36. Rg5 Rb2 37. Rxg7 Be4 38. Rd7+ Ke3 39. Rc7
Kd4 40. Rd7+ Ke3 41. Nd5+ Kd2 42. Nf6+ Bd3 43. Rxa7 Rxb3 44. Ra2+ Kc3 45. b6
Kd4 46. Ra7 Rxb6 47. Rd7+ Kc4 48. Nd5 Rb3 49. Ne3+ Kc3 50. g4 Kd2 51. Nc4+ Kc3
52. Ne5 Be4 53. Kg3 Rb2 54. Kf4 Bxg2 55. h4 c4 56. h5 Rf2+ 57. Ke3 Rf6 58. Rc7
Bd5 59. Rc5 Bg8 60. g5 Rf5 61. Nd7 Bd5 62. Nf6 Rf3+ 63. Ke2 Bb7 64. Rc7 Ba8 65.
Ra7 Bc6 66. Ra3+ Kb2 67. Rxf3 Bxf3+ 68. Kxf3 c3 69. Nd5 c2 70. Nb4 1-0

[Event "XtraCon-Skakligaen"]
[Site "Denmark"]
[Date "2013.01.12"]
[Round "4.7"]
[White "Rhee, Alexander"]
[Black "Rathlev, Jakob"]
[Result "0-1"]
[WhiteElo "2183"]
[BlackElo "2238"]
[PlyCount "62"]
[EventDate "2012.10.27"]
[EventType "team-tourn"]
[EventRounds "9"]
[WhiteTeam "Obro"]
[BlackTeam "Jetsmark"]
[WhiteTeamCountry "DEN"]
[BlackTeamCountry "DEN"]

1. d4 e6 2. e4 d5 3. Nc3 dxe4 4. Nxe4 Bd7 5. Nf3 Bc6 6. Bd3 Nd7 7. Qe2 Ngf6 8.
Nxf6+ Qxf6 9. Be4 Bxe4 10. Qxe4 c6 11. Bf4 Be7 12. O-O-O Qg6 13. Qe2 O-O 14. h3
Qf5 15. Bd2 Nb6 16. Ne5 Rfd8 17. g4 Qf6 18. h4 h6 19. Rh3 Rxd4 20. Rf3 Qxh4 21.
Rxf7 Rad8 22. f4 Nc4 23. Rxg7+ Kxg7 24. Nxc4 Qf6 25. g5 hxg5 26. fxg5 Qf5 27.
Rf1 Qe4 28. Rf7+ Kxf7 29. Qh5+ Kg7 30. Qh6+ Kg8 31. g6 Qe1+ 0-1

[Event "XtraCon-Skakligaen"]
[Site "Denmark"]
[Date "2013.01.12"]
[Round "4.8"]
[White "Helledie, Anders"]
[Black "Vej, Jesper"]
[Result "1-0"]
[WhiteElo "2236"]
[BlackElo "2103"]
[PlyCount "37"]
[EventDate "2012.10.27"]
[EventType "team-tourn"]
[EventRounds "9"]
[WhiteTeam "Jetsmark"]
[BlackTeam "Obro"]
[WhiteTeamCountry "DEN"]
[BlackTeamCountry "DEN"]

1. e4 e5 2. Bc4 Nf6 3. d3 Bc5 4. Nc3 d6 5. f4 Nc6 6. Nf3 Bg4 7. Na4 Qe7 8. Nxc5
dxc5 9. Bb5 Rd8 10. Bxc6+ bxc6 11. fxe5 Nxe4 12. Qe2 Bxf3 13. Qxf3 Ng5 14.
Qxc6+ Rd7 15. Bxg5 Qxg5 16. O-O Qe7 17. e6 fxe6 18. Rae1 e5 19. Rf5 1-0

[Event "XtraCon-Skakligaen"]
[Site "Denmark"]
[Date "2013.01.13"]
[Round "5.1"]
[White "Rasmussen, Allan Stig"]
[Black "Hector, Jonny"]
[Result "1-0"]
[WhiteElo "2511"]
[BlackElo "2539"]
[PlyCount "79"]
[EventDate "2012.10.27"]
[EventType "team-tourn"]
[EventRounds "9"]
[WhiteTeam "Jetsmark"]
[BlackTeam "Nordkalotten"]
[WhiteTeamCountry "DEN"]
[BlackTeamCountry "DEN"]

1. Nf3 d5 2. e3 Nc6 3. d4 Bg4 4. c4 e6 5. Nc3 Bb4 6. Qa4 Bxf3 7. gxf3 Nf6 8. a3
Be7 9. cxd5 exd5 10. Ba6 Qc8 11. Qb5 Rb8 12. Nxd5 Nxd5 13. Qxd5 O-O 14. Bd3 g6
15. h4 Rd8 16. Qc4 Rd6 17. Bd2 Qe8 18. Be4 Rbd8 19. Bc3 Bf6 20. h5 g5 21. h6
Qd7 22. Qb5 a6 23. Qxb7 Ne5 24. Ba5 Nc6 25. Qxc7 Qe6 26. Bc3 Rc8 27. Qb7 Rb8
28. Qxa6 Nxd4 29. Qa7 Nxf3+ 30. Bxf3 Bxc3+ 31. bxc3 Rbd8 32. Qc5 Qe7 33. Qf5 f6
34. c4 Qc7 35. Bd5+ Kh8 36. Kf1 Re8 37. Rb1 Re5 38. Qg4 Qd8 39. Rb7 Re8 40. Qf5
1-0

[Event "XtraCon-Skakligaen"]
[Site "Denmark"]
[Date "2013.01.13"]
[Round "5.2"]
[White "Brynell, Stellan"]
[Black "Ochsner, Bjorn Moller"]
[Result "1-0"]
[WhiteElo "2500"]
[BlackElo "2322"]
[PlyCount "75"]
[EventDate "2012.10.27"]
[EventType "team-tourn"]
[EventRounds "9"]
[WhiteTeam "Nordkalotten"]
[BlackTeam "Jetsmark"]
[WhiteTeamCountry "DEN"]
[BlackTeamCountry "DEN"]

1. d4 Nf6 2. c4 e6 3. Nf3 b6 4. g3 Bb7 5. Bg2 Be7 6. O-O O-O 7. Nc3 Ne4 8. Bd2
Bf6 9. Qc2 Nxd2 10. Qxd2 d6 11. Rad1 Nd7 12. e4 g6 13. h4 Bg7 14. Rfe1 Rc8 15.
Qe3 Qe7 16. b3 Rfd8 17. Bh3 c5 18. d5 Bxc3 19. Qxc3 e5 20. Qe3 Rc7 21. h5 Nf8
22. Kg2 Bc8 23. Rh1 f6 24. hxg6 hxg6 25. Bxc8 Rdxc8 26. Rh6 Qg7 27. Rdh1 Kf7
28. Rh8 Ke8 29. R1h6 Rf7 30. Nh4 Kd7 31. Qf3 Kc7 32. Nxg6 Nxg6 33. Rxc8+ Kxc8
34. Qg4+ f5 35. Qxg6 Qxg6 36. Rxg6 f4 37. Rxd6 f3+ 38. Kh3 1-0

[Event "XtraCon-Skakligaen"]
[Site "Denmark"]
[Date "2013.01.13"]
[Round "5.3"]
[White "Christensen, Stefan"]
[Black "Kristensen, Kaare Hove"]
[Result "1/2-1/2"]
[WhiteElo "2296"]
[BlackElo "2336"]
[PlyCount "105"]
[EventDate "2012.10.27"]
[EventType "team-tourn"]
[EventRounds "9"]
[WhiteTeam "Jetsmark"]
[BlackTeam "Nordkalotten"]
[WhiteTeamCountry "DEN"]
[BlackTeamCountry "DEN"]

1. e4 c5 2. c3 d5 3. exd5 Nf6 4. d4 Nxd5 5. dxc5 e6 6. c4 Nb4 7. a3 Qxd1+ 8.
Kxd1 N4c6 9. Be3 Nd7 10. Nc3 Bxc5 11. Bxc5 Nxc5 12. b4 Nb3 13. Rb1 Nbd4 14.
Nge2 e5 15. Nxd4 Nxd4 16. Nd5 Bf5 17. Rb2 Rc8 18. f4 exf4 19. Kd2 Be6 20. Nxf4
Bxc4 21. Bxc4 Rxc4 22. Kd3 b5 23. Re1+ Kd7 24. a4 Nf5 25. Ne2 Re8 26. axb5 Rce4
27. Ra2 R8e6 28. Rxa7+ Ke8 29. Ra8+ Ke7 30. Ra7+ Kf6 31. Ra6 Rxb4 32. Nc3 Rd4+
33. Kc2 Nd6 34. Rxe6+ Kxe6 35. Rc6 Kd7 36. Ra6 h5 37. Ra7+ Kc8 38. Re7 Kd8 39.
Re5 g6 40. Rc5 Kd7 41. Nd5 Nxb5 42. Nb6+ Ke6 43. Rxb5 Rg4 44. g3 h4 45. Rb3
hxg3 46. hxg3 f5 47. Re3+ Kd6 48. Rd3+ Ke5 49. Kd2 f4 50. gxf4+ Kxf4 51. Nd5+
Ke5 52. Ne3 Rd4 53. Rxd4 1/2-1/2